000 00459nam a2200145Ia 4500
008 220216s9999 xx 000 0 und d
100 _aSchmit V
245 0 _aUse of chloroplast DNA polymorphisms for the phylogenetic study of seven Phaseolous taxa including P. vulgaris and P. coccineus
260 _bTheoretical and Applied Genetics
_c1993
300 _a506-516
700 _aBaudoin J P
700 _aDebouck D G
700 _adu Jardin P
942 _cJS
999 _c71821
_d71821